| 000 | 00339 a2200133 4500 | ||
|---|---|---|---|
| 005 | 20250709073436.0 | ||
| 020 | _a978-0-19-280645-1 | ||
| 082 | _a355.009 TOW | ||
| 100 | _aTOWNSEND, C | ||
| 245 | _aThe Oxford History of Modern War | ||
| 260 |
_aOxford _bOxford University Press _c2005. |
||
| 300 |
_axi,414p. _bIndex _c20cm |
||
| 942 |
_2ddc _cBKS |
||
| 999 |
_c6625 _d6625 |
||